[Event "European Blitz 2014"]
[Site "Wroclaw POL"]
[Date "2014.12.19"]
[Round "7.2"]
[White "Dragun, Kamil"]
[Black "Miton, Kamil"]
[Result "1/2-1/2"]
[WhiteTitle "GM"]
[BlackTitle "GM"]
[WhiteElo "2547"]
[BlackElo "2601"]
[WhiteFideId "1134167"]
[BlackFideId "1111914"]
[EventDate "2014.12.19"]

1. d4 d5 2. c4 c6 3. e3 Nf6 4. Nf3 Bg4 5. cxd5 Bxf3 6. Qxf3 cxd5 7. Nc3 Nc6 8.
Bd3 e6 9. O-O Be7 10. Bd2 O-O 11. Qh3 g6 12. f4 Rc8 13. Rf3 Na5 14. Be1 Nc4 15.
b3 Nd6 16. g4 Nfe4 17. Ne2 f5 18. g5 Rf7 19. Qg2 h5 20. gxh6 Kh7 21. Kh1 Bh4 22.
Bb4 Qb6 23. Bxd6 Qxd6 24. Rg1 Rg8 25. Rc1 Rc7 26. Rxc7+ Qxc7 27. Rf1 Rc8 28. Qg1
Qe7 29. Bxe4 dxe4 30. Rc1 Qd7 31. Kg2 Be7 32. Qd1 Rc6 33. Rc4 b5 34. Rc2 Qc7 35.
Rxc6 Qxc6 36. a4 b4 37. Qc1 Qxc1 38. Nxc1 g5 39. Ne2 g4 40. h3 gxh3+ 41. Kxh3
Kxh6 42. Kg3 Kg6 43. Kf2 Bh4+ 44. Kg2 Be1 45. d5 exd5 46. Nd4 Kf6 47. Nc6 a6 48.
Nb8 d4 49. exd4 Bc3 50. d5 Ke7 51. Nxa6 Kd6 52. Nb8 Kxd5 53. Nd7 Bd4 54. Kf1 Be3
55. Nf6+ Ke6 56. Nh5 Kd5 57. Ke2 Bc1 58. Kf2 Kc6 59. Kg3 Kd5 60. Ng7 e3 61. Kf3
e2 62. Kxe2 Ke4 63. a5 Bxf4 64. Ne6 Be3 65. a6 Bb6 66. Nc7 f4 67. Nb5 f3+ 68.
Kf1 Kd3 69. Nc7 Kc2 70. Nd5 Ba7 71. Nxb4+ Kxb3 72. Nc6 Bb6 73. a7 Bxa7 1/2-1/2

[Event "European Blitz 2014"]
[Site "Wroclaw POL"]
[Date "2014.12.19"]
[Round "7.2"]
[White "Duda, Jan-Krzysztof"]
[Black "Bartel, Mateusz"]
[Result "1/2-1/2"]
[WhiteTitle "GM"]
[BlackTitle "GM"]
[WhiteElo "2603"]
[BlackElo "2664"]
[WhiteFideId "1170546"]
[BlackFideId "1112635"]
[EventDate "2014.12.19"]

1. e4 e6 2. d4 d5 3. Nc3 Bb4 4. e5 c5 5. a3 Bxc3+ 6. bxc3 Qa5 7. Bd2 Qa4 8. Qb1
a6 9. Nf3 Nc6 10. Qb3 Qxb3 11. cxb3 Na5 12. Rb1 c4 13. b4 Nb3 14. Bf4 a5 15. Nd2
a4 16. Be2 Ne7 17. Nf1 Nc6 18. Kd1 f6 19. exf6 gxf6 20. Bh5+ Ke7 21. Ng3 e5 22.
Re1 Kd6 23. dxe5+ fxe5 24. Bh6 Rg8 25. f4 e4 26. Kc2 Ne7 27. Rbd1 Kc6 28. Bf7
Bg4 29. Bxg8 Rxg8 30. Rd2 Nxd2 31. Kxd2 Nf5 32. Nxf5 Bxf5 33. g3 d4 34. cxd4 Kd5
35. Kc3 b5 36. Re3 Bh3 37. Bg5 h5 38. Bf6 Rf8 39. Be5 Rf5 40. Kd2 Rf7 41. Rc3
Rf5 42. Ke3 Rf7 43. Rc2 Rf5 44. Rc3 1/2-1/2

[Event "European Blitz 2014"]
[Site "Wroclaw POL"]
[Date "2014.12.19"]
[Round "7.2"]
[White "Swiercz, Dariusz"]
[Black "Korobov, Anton"]
[Result "0-1"]
[WhiteTitle "GM"]
[BlackTitle "GM"]
[WhiteElo "2616"]
[BlackElo "2693"]
[WhiteFideId "1126881"]
[BlackFideId "14105730"]
[EventDate "2014.12.19"]

1. e4 e5 2. Nf3 Nc6 3. Bb5 a6 4. Ba4 Nf6 5. O-O Be7 6. d3 b5 7. Bb3 d6 8. a4 b4
9. Nbd2 O-O 10. Re1 Rb8 11. h3 Na5 12. Ba2 Be6 13. Bxe6 fxe6 14. Nf1 c5 15. Ng3
Qd7 16. b3 Nc6 17. Rf1 Bd8 18. Be3 Bc7 19. Nh2 Nd4 20. Ne2 d5 21. Ng3 Qc6 22.
Ng4 dxe4 23. Nxf6+ gxf6 24. dxe4 Kh8 25. Re1 Rbd8 26. Bxd4 cxd4 27. Nh5 a5 28.
Qf3 Bb6 29. Rad1 Qd6 30. Rd3 Rc8 31. Qd1 Qe7 32. Re2 Qf7 33. Red2 Rc7 34. Rg3
Rg8 35. Rxg8+ Kxg8 36. Rd3 Rc3 37. Rxc3 bxc3 38. g4 f5 39. g5 fxe4 40. Nf6+ Kh8
41. Nxe4 Qf5 42. Qd3 Bd8 43. Kf1 Bxg5 44. Ke2 Bf4 45. Qf3 h5 46. Qd3 Kg7 47. Nc5
Kg6 48. Ne4 Kh6 49. Nd6 Qf8 50. Ne4 Qg8 51. Nc5 Kg5 52. Ne4+ Kh4 53. Qf3 Qg6 54.
Kd3 Qf5 55. Ke2 Qxh3 56. Qxh3+ Kxh3 57. Nc5 Kg2 58. b4 h4 59. b5 h3 60. b6 h2
61. b7 h1=Q 0-1

[Event "European Blitz 2014"]
[Site "Wroclaw POL"]
[Date "2014.12.19"]
[Round "7.2"]
[White "Matlakov, Maxim"]
[Black "Kuzmicz, Krystian"]
[Result "1-0"]
[WhiteTitle "GM"]
[BlackTitle "IM"]
[WhiteElo "2695"]
[BlackElo "2469"]
[WhiteFideId "4168003"]
[BlackFideId "1119125"]
[EventDate "2014.12.19"]

1. Nf3 g6 2. e4 Bg7 3. d4 c6 4. Nc3 d5 5. h3 Nf6 6. e5 Ne4 7. Nxe4 dxe4 8. Ng5
c5 9. c3 cxd4 10. cxd4 O-O 11. Be3 Qd5 12. Rc1 Nc6 13. Bc4 Qa5+ 14. Kf1 Bf5 15.
g4 Be6 16. Bxe6 fxe6 17. Nxe6 Rf3 18. Kg2 Qxa2 19. Ng5 Rff8 20. Qc2 Kh8 21. Qxe4
Rad8 22. h4 Qd5 23. h5 Kg8 24. h6 Bh8 25. Qxd5+ Rxd5 26. Ne6 Rc8 27. f4 Kf7 28.
Ng5+ Kg8 29. Kf3 Rcd8 30. Rhd1 a6 31. Ke4 Rb5 32. Rd2 Rb3 33. d5 Nb4 34. Rc3 1-0

[Event "European Blitz 2014"]
[Site "Wroclaw POL"]
[Date "2014.12.19"]
[Round "7.2"]
[White "Lysyj, Igor"]
[Black "Ragger, Markus"]
[Result "0-1"]
[WhiteTitle "GM"]
[BlackTitle "GM"]
[WhiteElo "2686"]
[BlackElo "2651"]
[WhiteFideId "4150120"]
[BlackFideId "1610856"]
[EventDate "2014.12.19"]

1. d4 d5 2. c4 c6 3. Nf3 Nf6 4. e3 Bg4 5. h3 Bxf3 6. Qxf3 e6 7. Nc3 Nbd7 8. cxd5
exd5 9. Bd3 Bb4 10. O-O O-O 11. a3 Bxc3 12. bxc3 Re8 13. c4 Ne4 14. Qd1 Nb6 15.
c5 Nc4 16. Qc2 b5 17. cxb6 axb6 18. Bxc4 dxc4 19. Qxc4 Qd5 20. Qc2 Nd6 21. Bd2
Nc4 22. a4 b5 23. axb5 cxb5 24. Bb4 f5 25. Bc5 h6 26. Rfb1 Rxa1 27. Rxa1 Re6 28.
Qe2 Rg6 29. g3 Qe4 30. Re1 h5 31. Qf1 Nd2 32. Qxb5 Nf3+ 33. Kf1 Nh2+ 34. Ke2
Qc2# 0-1

[Event "European Blitz 2014"]
[Site "Wroclaw POL"]
[Date "2014.12.19"]
[Round "8.1"]
[White "Bortnyk, Olexandr"]
[Black "Alekseev, Evgeny"]
[Result "1-0"]
[WhiteTitle "IM"]
[BlackTitle "GM"]
[WhiteElo "2533"]
[BlackElo "2679"]
[WhiteFideId "14120828"]
[BlackFideId "4138147"]
[EventDate "2014.12.19"]

1. e4 e5 2. Nf3 Nc6 3. Bc4 Bc5 4. c3 Nf6 5. b4 Bb6 6. d3 d6 7. a4 a6 8. Nbd2 O-O
9. Bb3 Ne7 10. Nc4 Ba7 11. Be3 Ng6 12. Bxa7 Rxa7 13. Ne3 Ra8 14. O-O h6 15. Qc2
Be6 16. Rad1 Re8 17. g3 Qd7 18. Ne1 Rad8 19. Bxe6 fxe6 20. f4 d5 21. fxe5 Nxe5
22. d4 Neg4 23. Nxg4 Nxg4 24. Ng2 Nf6 25. e5 Ne4 26. c4 c6 27. c5 Rf8 28. Nf4
Qe8 29. b5 axb5 30. axb5 Rd7 31. bxc6 bxc6 32. Qg2 Rdf7 33. Qh3 Rf5 34. Qg4 Qf7
35. Rfe1 Kh7 36. Rb1 Rg5 37. Qh4 Qxf4 38. Qxf4 Rxf4 39. Rb6 Nxg3 40. hxg3 Rxd4
41. Rxc6 Rxg3+ 42. Kh2 Rc3 43. Rxe6 Rxc5 44. Re2 Rc7 45. Rf2 Re4 46. Re8 d4 47.
e6 d3 48. Rf7 Rc2+ 49. Kg3 d2 50. Rd7 Rc6 51. Ree7 Kg6 52. Rxg7+ Kf5 53. Rgf7+
Kxe6 54. Rfe7+ Kf5 55. Rd5+ Kf6 56. Rxe4 1-0

[Event "European Blitz 2014"]
[Site "Wroclaw POL"]
[Date "2014.12.19"]
[Round "8.1"]
[White "Navara, David"]
[Black "Moiseenko, Alexander"]
[Result "1-0"]
[WhiteTitle "GM"]
[BlackTitle "GM"]
[WhiteElo "2727"]
[BlackElo "2692"]
[WhiteFideId "309095"]
[BlackFideId "14102560"]
[EventDate "2014.12.19"]

1. e4 c5 2. f4 d5 3. exd5 Nf6 4. Bb5+ Bd7 5. Bxd7+ Qxd7 6. c4 e6 7. Nf3 exd5 8.
Ne5 Qd8 9. Qb3 Nbd7 10. Qxb7 Rb8 11. Qxa7 Ra8 12. Qb7 Rb8 13. Qc6 Rb6 14. Qa4
Bd6 15. cxd5 O-O 16. Nxd7 Re8+ 17. Ne5 Rb4 18. Qa7 Re7 19. Qa6 Rxf4 20. d4 Re4+
21. Kf1 Rxd4 22. Nc6 Rd1+ 23. Kf2 Ng4+ 24. Kf3 Ne5+ 25. Ke2 Nxc6+ 26. Kxd1 Nb4
27. Qc4 Be5 28. Nc3 h6 29. Bd2 Bxc3 30. bxc3 Nxd5 31. Kc2 Nb6 32. Qxc5 Rd7 33.
Rhd1 Rd5 34. Be3 Qd7 35. Qxb6 Qf5+ 36. Kc1 Rxd1+ 37. Kxd1 Qf1+ 38. Kc2 Qxa1 39.
Qb1 1-0

[Event "European Blitz 2014"]
[Site "Wroclaw POL"]
[Date "2014.12.19"]
[Round "8.1"]
[White "Miton, Kamil"]
[Black "Korobov, Anton"]
[Result "0-1"]
[WhiteTitle "GM"]
[BlackTitle "GM"]
[WhiteElo "2601"]
[BlackElo "2693"]
[WhiteFideId "1111914"]
[BlackFideId "14105730"]
[EventDate "2014.12.19"]

1. d4 Nf6 2. c4 g6 3. Nc3 Bg7 4. e4 d6 5. Bd3 O-O 6. Nge2 e5 7. d5 a5 8. O-O Na6
9. f3 Nc5 10. Bc2 Nh5 11. g4 Nf6 12. Be3 h5 13. h3 hxg4 14. fxg4 Bxg4 15. hxg4
Nxg4 16. Bxc5 Qh4 17. Rf3 dxc5 18. Qe1 Qh2+ 19. Kf1 Ra6 20. Qg3 Qh1+ 21. Ng1
Nh2+ 22. Ke2 Nxf3 23. Qxf3 Qh2+ 24. Qf2 Qh5+ 25. Nf3 f5 26. Qg2 Rb6 27. b3 Rbf6
28. Rh1 Qg4 29. Rg1 R8f7 30. Bd3 Kf8 31. Qh1 Qf4 32. Ng5 Ke7 33. Nxf7 Kxf7 34.
Rf1 Qg4+ 35. Qf3 Qxf3+ 36. Rxf3 f4 37. Rf1 g5 38. Kf3 Rh6 39. Rg1 Rh3+ 40. Ke2
Kg6 41. d6 cxd6 42. Nd5 Kh5 43. Ne7 g4 44. Nf5 Bf6 45. Kd2 f3 46. Bf1 Rh2+ 47.
Kd3 Bg5 48. Ng3+ Kg6 49. Nf5 Rf2 50. Rxg4 Rxf1 51. Nh4+ Kh5 0-1

[Event "European Blitz 2014"]
[Site "Wroclaw POL"]
[Date "2014.12.19"]
[Round "8.1"]
[White "Grigoriants, Sergey"]
[Black "Ragger, Markus"]
[Result "1/2-1/2"]
[WhiteTitle "GM"]
[BlackTitle "GM"]
[WhiteElo "2570"]
[BlackElo "2651"]
[WhiteFideId "4130804"]
[BlackFideId "1610856"]
[EventDate "2014.12.19"]

1. e4 e5 2. Nf3 Nc6 3. Bb5 a6 4. Ba4 Nf6 5. O-O Be7 6. d3 d6 7. c3 O-O 8. Re1 b5
9. Bc2 d5 10. Nbd2 d4 11. cxd4 Nxd4 12. Nxd4 exd4 13. Nf3 c5 14. Bb3 h6 15. h3
Be6 16. Bxe6 fxe6 17. a4 Nd7 18. b4 Rc8 19. axb5 axb5 20. Ra6 e5 21. bxc5 Nxc5
22. Ra7 Bd6 23. Ba3 Qb6 24. Bxc5 Bxc5 25. Qb3+ Kh7 26. Rea1 Rxf3 27. gxf3 Qg6+
28. Kf1 Bxa7 29. Rxa7 Rc1+ 30. Ke2 Qg1 31. f4 Re1+ 32. Kf3 Rf1 33. Qa2 h5 34.
fxe5 Qh1+ 35. Ke2 Re1+ 36. Kd2 Rc1 37. Rxg7+ Kxg7 38. Qa7+ Kf8 39. Qb8+ Kf7 40.
Qb7+ Ke8 41. Qxb5+ Ke7 42. Qb7+ Kf8 43. Qb8+ Kg7 44. Qa7+ Kh8 45. Qa8+ Kh7 46.
Qb7+ Kh6 47. Qb6+ Kh7 48. Qb7+ 1/2-1/2

[Event "European Blitz 2014"]
[Site "Wroclaw POL"]
[Date "2014.12.19"]
[Round "8.1"]
[White "Kempinski, Robert"]
[Black "Moranda, Wojciech"]
[Result "1-0"]
[WhiteTitle "GM"]
[BlackTitle "GM"]
[WhiteElo "2626"]
[BlackElo "2591"]
[WhiteFideId "1105663"]
[BlackFideId "1122401"]
[EventDate "2014.12.19"]

1. d4 d5 2. c4 e6 3. Nf3 c5 4. e3 Nf6 5. a3 a6 6. Nc3 Nc6 7. dxc5 Bxc5 8. b4 Ba7
9. Bb2 O-O 10. c5 e5 11. Be2 b6 12. cxb6 Bxb6 13. Rc1 e4 14. Nd2 Bb7 15. O-O d4
16. Ncxe4 Nxe4 17. Nxe4 dxe3 18. Nc5 Bxc5 19. Rxc5 exf2+ 20. Rxf2 Qe7 21. Bc4
Kh8 22. Re2 Qh4 23. Bd5 Nd8 24. Rc4 Qh5 25. Rc5 Bxd5 26. Rxd5 Qg4 27. h3 Qg6 28.
Rd4 Ne6 29. Rg4 Rad8 30. Qa1 Qd3 31. Bxg7+ 1-0

[Event "European Blitz 2014"]
[Site "Wroclaw POL"]
[Date "2014.12.19"]
[Round "8.1"]
[White "Sivuk, Vitaly"]
[Black "Socko, Bartosz"]
[Result "0-1"]
[WhiteTitle "IM"]
[BlackTitle "GM"]
[WhiteElo "2501"]
[BlackElo "2617"]
[WhiteFideId "14116502"]
[BlackFideId "1107038"]
[EventDate "2014.12.19"]

1. c4 Nf6 2. Nf3 e6 3. Nc3 d5 4. d4 Bb4 5. e3 O-O 6. Bd3 c5 7. O-O cxd4 8. exd4
dxc4 9. Bxc4 b6 10. Bg5 Bb7 11. Rc1 Nc6 12. a3 Bxc3 13. Rxc3 Rc8 14. Ba2 Ne7 15.
Ne5 Rxc3 16. bxc3 Ne4 17. Qf3 Qc7 18. Bxe7 Qxe7 19. Re1 Qxa3 20. Bb1 Qxc3 21.
Qe2 Nf6 22. Rd1 Rd8 23. h3 Rxd4 24. Bd3 Qc5 25. Qe3 Rd5 26. Rc1 Qxe3 27. fxe3
Rxe5 28. Rc7 Rxe3 29. Rxb7 g5 30. Bb5 Rb3 31. Bc6 a5 32. Kf2 h5 33. Ke2 Kg7 34.
Kd2 Kg6 35. Kc2 Rb4 36. Kc3 Nd5+ 37. Kd3 Nf4+ 38. Ke3 f5 39. Be8+ Kf6 40. Bc6 h4
41. Rb8 Ke5 42. Rg8 Rb3+ 43. Kf2 Rb2+ 44. Kg1 Kf6 45. Rb8 a4 46. Bxa4 Rxg2+ 47.
Kh1 Rg3 48. Rxb6 Rxh3+ 49. Kg1 Rg3+ 50. Kh2 Rg2+ 51. Kh1 Rd2 52. Bb3 g4 53. Rb8
g3 54. Rg8 Rb2 55. Bc4 Rb1+ 0-1

[Event "European Blitz 2014"]
[Site "Wroclaw POL"]
[Date "2014.12.19"]
[Round "8.1"]
[White "Savchenko, Boris"]
[Black "Bartel, Mateusz"]
[Result "0-1"]
[WhiteTitle "GM"]
[BlackTitle "GM"]
[WhiteElo "2599"]
[BlackElo "2664"]
[WhiteFideId "4147332"]
[BlackFideId "1112635"]
[EventDate "2014.12.19"]

1. e4 e6 2. d4 d5 3. Nc3 Bb4 4. e5 c5 5. a3 Bxc3+ 6. bxc3 Qa5 7. Bd2 Qa4 8. Qb1
a6 9. Nf3 Nc6 10. Qb2 Nge7 11. h4 O-O 12. h5 h6 13. Be2 f6 14. exf6 Rxf6 15. g4
Rf7 16. g5 Nf5 17. Rg1 cxd4 18. gxh6 e5 19. Ng5 Re7 20. hxg7 Rxg7 21. O-O-O Bd7
22. Bg4 dxc3 23. Qxc3 Ncd4 24. Qb2 Rc8 25. c3 Nb3+ 26. Kb1 Nxd2+ 27. Qxd2 Rc5
28. Qa2 Rxg5 29. Rxd5 Qb5+ 30. Ka1 Rxd5 31. c4 Qc5 32. cxd5 Qc3+ 33. Kb1 Kh8 34.
Qe2 Nd4 35. Qe4 Bf5 36. Bxf5 Rxg1+ 0-1

[Event "European Blitz 2014"]
[Site "Wroclaw POL"]
[Date "2014.12.19"]
[Round "8.1"]
[White "Matlakov, Maxim"]
[Black "Bosiocic, Marin"]
[Result "1-0"]
[WhiteTitle "GM"]
[BlackTitle "GM"]
[WhiteElo "2695"]
[BlackElo "2555"]
[WhiteFideId "4168003"]
[BlackFideId "14507927"]
[EventDate "2014.12.19"]

1. Nf3 f5 2. b4 d6 3. d4 g6 4. g3 Bg7 5. Bb2 Nh6 6. Bg2 Nf7 7. O-O Nd7 8. c4 O-O
9. Nc3 e5 10. dxe5 dxe5 11. e4 f4 12. b5 g5 13. h3 h5 14. Nh2 Nf6 15. Nd5 h4 16.
gxf4 gxf4 17. Kh1 c6 18. Nxf6+ Qxf6 19. Rg1 Be6 20. bxc6 bxc6 21. Bf3 Bxc4 22.
Ng4 Qe7 23. Rc1 Rad8 24. Qc2 Bb5 25. a4 Rd3 26. axb5 Rxf3 27. Kg2 Ng5 28. bxc6
Rxh3 29. c7 Rc8 30. Kf1 Nf7 31. Qc4 Kh8 32. Kg2 Ng5 33. Qb5 a6 34. Qb7 Qd7 35.
Nxe5 f3+ 36. Kf1 Rxc7 37. Qxc7 Qb5+ 38. Qc4 Qxb2 1-0

[Event "European Blitz 2014"]
[Site "Wroclaw POL"]
[Date "2014.12.19"]
[Round "8.1"]
[White "Bindrich, Falko"]
[Black "Efimenko, Zahar"]
[Result "0-1"]
[WhiteTitle "GM"]
[BlackTitle "GM"]
[WhiteElo "2610"]
[BlackElo "2643"]
[WhiteFideId "4676670"]
[BlackFideId "14107201"]
[EventDate "2014.12.19"]

1. Nf3 Nf6 2. c4 e6 3. g3 b6 4. Bg2 Bb7 5. O-O Be7 6. Nc3 O-O 7. Re1 d5 8. cxd5
Nxd5 9. e4 Nxc3 10. bxc3 Nc6 11. d4 Na5 12. Bf4 Bd6 13. Qc1 Rc8 14. h4 Bxf4 15.
Qxf4 Qd6 16. e5 Qe7 17. Ng5 Bxg2 18. Kxg2 h6 19. Ne4 Nc4 20. Nf6+ Kh8 21. g4 c5
22. Rad1 Rfd8 23. g5 gxf6 24. gxf6 Rg8+ 25. Kh2 Qf8 26. d5 exd5 27. Rxd5 b5 28.
Rd7 Rg6 29. e6 fxe6 30. Rxe6 Nb6 31. Rxa7 Nd5 32. Qf5 Qg8 33. f7 Rg2+ 34. Kh3
Qg7 35. Rxh6+ 0-1

[Event "European Blitz 2014"]
[Site "Wroclaw POL"]
[Date "2014.12.19"]
[Round "8.1"]
[White "Kulaots, Kaido"]
[Black "Neiksans, Arturs"]
[Result "1-0"]
[WhiteTitle "GM"]
[BlackTitle "GM"]
[WhiteElo "2563"]
[BlackElo "2559"]
[WhiteFideId "4500261"]
[BlackFideId "11601388"]
[EventDate "2014.12.19"]

1. e4 c5 2. Nf3 e6 3. b3 Nc6 4. Bb2 d6 5. Bb5 Bd7 6. O-O Nf6 7. Re1 Be7 8. c4
O-O 9. Bxc6 Bxc6 10. Nc3 e5 11. d3 g6 12. Nd2 Nh5 13. Nd5 Bg5 14. Nf1 Bxd5 15.
cxd5 f5 16. b4 Qb6 17. exf5 cxb4 18. Ne3 Bxe3 19. fxe3 Rac8 20. fxg6 hxg6 21.
Qg4 Kh7 22. d4 Rc2 23. Re2 Rxe2 24. Qxe2 e4 25. Rf1 Qd8 26. Rxf8 Qxf8 27. Qb5
Nf6 28. Qxb4 Ng4 29. Qe1 Qf5 30. Qg3 Nf6 31. Qxd6 Nxd5 32. Qg3 b5 33. Bc1 b4 34.
Bd2 a5 35. Be1 a4 36. Qd6 Nxe3 37. Qe7+ Kg8 38. Qd8+ Kg7 39. Qe7+ Kg8 40. Qe8+
Kg7 41. Qe7+ Kg8 42. Qe8+ 1-0

[Event "European Blitz 2014"]
[Site "Wroclaw POL"]
[Date "2014.12.19"]
[Round "8.2"]
[White "Alekseev, Evgeny"]
[Black "Bortnyk, Olexandr"]
[Result "1-0"]
[WhiteTitle "GM"]
[BlackTitle "IM"]
[WhiteElo "2679"]
[BlackElo "2533"]
[WhiteFideId "4138147"]
[BlackFideId "14120828"]
[EventDate "2014.12.19"]

1. e4 Nf6 2. e5 Nd5 3. d4 d6 4. Nf3 dxe5 5. Nxe5 c6 6. Be2 Bf5 7. O-O Nd7 8. Bd3
Bxd3 9. Nxd3 g6 10. Nd2 Bg7 11. Nf3 O-O 12. Re1 e6 13. Bg5 Qb6 14. Qd2 Rfe8 15.
Rad1 a5 16. a3 a4 17. c4 Ne7 18. Nde5 Nxe5 19. dxe5 Rad8 20. Qc2 Rxd1 21. Rxd1
h6 22. Bf6 Bf8 23. h3 Nf5 24. g4 Ng7 25. Rd7 Bc5 26. Kg2 Rf8 27. Nh4 Qb3 28.
Qxg6 1-0

[Event "European Blitz 2014"]
[Site "Wroclaw POL"]
[Date "2014.12.19"]
[Round "8.2"]
[White "Moiseenko, Alexander"]
[Black "Navara, David"]
[Result "0-1"]
[WhiteTitle "GM"]
[BlackTitle "GM"]
[WhiteElo "2692"]
[BlackElo "2727"]
[WhiteFideId "14102560"]
[BlackFideId "309095"]
[EventDate "2014.12.19"]

1. d4 d5 2. c4 c6 3. Nc3 Nf6 4. Nf3 e6 5. Bg5 Nbd7 6. e3 Qa5 7. cxd5 Nxd5 8. Rc1
h6 9. Bh4 Nxc3 10. bxc3 Ba3 11. Rc2 b6 12. Bd3 Ba6 13. O-O Bxd3 14. Qxd3 O-O 15.
Bg3 Rfd8 16. c4 e5 17. Qf5 g6 18. Qh3 Qa4 19. Rc3 exd4 20. exd4 Bf8 21. Bh4 Qxa2
22. Bxd8 Rxd8 23. Ne5 Nxe5 24. dxe5 Bc5 25. Rcc1 Rd2 26. e6 Rxf2 27. Kh1 Qxc4
28. exf7+ Rxf7 29. Qc8+ Bf8 30. Rfd1 Qf4 31. Qxc6 Kh7 32. g3 Qf5 33. Qg2 Bc5 34.
Rf1 Qe6 35. Rxf7+ Qxf7 36. Rf1 Qc4 37. Qb7+ Kh8 38. Qc8+ Qg8 39. Qb7 Qe8 40. h4
Bd4 41. Qxa7 Qe4+ 42. Kh2 Qe2+ 0-1

[Event "European Blitz 2014"]
[Site "Wroclaw POL"]
[Date "2014.12.19"]
[Round "8.2"]
[White "Korobov, Anton"]
[Black "Miton, Kamil"]
[Result "1-0"]
[WhiteTitle "GM"]
[BlackTitle "GM"]
[WhiteElo "2693"]
[BlackElo "2601"]
[WhiteFideId "14105730"]
[BlackFideId "1111914"]
[EventDate "2014.12.19"]

1. d4 Nf6 2. c4 g6 3. Nc3 Bg7 4. e4 O-O 5. Be2 c6 6. Qb3 d6 7. Nf3 Na6 8. O-O e5
9. Be3 exd4 10. Bxd4 Re8 11. Qc2 Nc5 12. Nd2 Nfxe4 13. Bxg7 Nxd2 14. Qxd2 Kxg7
15. Rad1 a5 16. f3 Qe7 17. Qxd6 Bf5 18. Qxe7 Rxe7 19. Kf2 h5 20. Rd2 Ra6 21.
Rfd1 Rb6 22. g4 hxg4 23. fxg4 Be6 24. Re1 Rb4 25. a3 Rb3 26. Bd1 Rxb2 27. Rxb2
Nd3+ 28. Kg3 Nxb2 29. c5 Rd7 30. Be2 Nd3 31. Rh1 Nxc5 32. h4 Rd2 1-0

[Event "European Blitz 2014"]
[Site "Wroclaw POL"]
[Date "2014.12.19"]
[Round "8.2"]
[White "Ragger, Markus"]
[Black "Grigoriants, Sergey"]
[Result "0-1"]
[WhiteTitle "GM"]
[BlackTitle "GM"]
[WhiteElo "2651"]
[BlackElo "2570"]
[WhiteFideId "1610856"]
[BlackFideId "4130804"]
[EventDate "2014.12.19"]

1. d4 Nf6 2. c4 e6 3. Nf3 d5 4. g3 Bb4+ 5. Bd2 Be7 6. Bg2 O-O 7. Qc2 c6 8. O-O
Nbd7 9. b3 b6 10. Rd1 Bb7 11. Nc3 Ba6 12. e4 dxc4 13. Bf4 Qc8 14. h4 Re8 15. Bh3
Qb7 16. Bg5 h6 17. Be3 Rad8 18. Qc1 Bf8 19. g4 c5 20. d5 exd5 21. exd5 Ne4 22.
g5 cxb3 23. g6 Ndf6 24. gxf7+ Qxf7 25. Be6 Rxe6 26. dxe6 Qg6+ 27. Kh1 Rxd1+ 28.
Nxd1 Bb7 29. Qc4 Nd2 30. e7+ Nxc4 0-1

[Event "European Blitz 2014"]
[Site "Wroclaw POL"]
[Date "2014.12.19"]
[Round "8.2"]
[White "Moranda, Wojciech"]
[Black "Kempinski, Robert"]
[Result "1/2-1/2"]
[WhiteTitle "GM"]
[BlackTitle "GM"]
[WhiteElo "2591"]
[BlackElo "2626"]
[WhiteFideId "1122401"]
[BlackFideId "1105663"]
[EventDate "2014.12.19"]

1. d4 Nf6 2. c4 g6 3. Nc3 Bg7 4. e4 O-O 5. f4 d6 6. Nf3 Bg4 7. Be2 Nfd7 8. Be3
e5 9. fxe5 dxe5 10. d5 Bxf3 11. Bxf3 Qe7 12. O-O a5 13. a3 Na6 14. Rb1 f5 15. b4
axb4 16. axb4 b6 17. d6 cxd6 18. exf5 e4 19. Nd5 Qe5 20. Bg4 gxf5 21. Rxf5 Rxf5
22. Bxf5 Nab8 23. Bf4 Qd4+ 24. Qxd4 Bxd4+ 25. Kh1 Ne5 26. Bxe4 Ra2 27. Ne7+ Kf8
28. Nf5 Bc3 29. h3 Nxc4 30. Nxd6 Nd2 31. Rc1 Bxb4 32. Rc8+ Ke7 33. Nf5+ Kd7 34.
Bxd2 Bxd2 35. Rh8 Ra1+ 36. Kh2 h6 37. g3 Na6 38. Ra8 Bc3 39. Bd3 Nc5 40. Rxa1
Bxa1 41. Bb5+ Ke6 42. Nxh6 Kd5 43. h4 Ne6 44. Nf5 Nd4 45. Nxd4 Bxd4 46. g4 Ke5
47. Kg3 Kf6 48. Kf4 Be5+ 49. Kf3 Bc3 50. g5+ Kg7 51. Kg4 Bd2 52. h5 Bxg5 53.
Kxg5 1/2-1/2

[Event "European Blitz 2014"]
[Site "Wroclaw POL"]
[Date "2014.12.19"]
[Round "8.2"]
[White "Bartel, Mateusz"]
[Black "Savchenko, Boris"]
[Result "1-0"]
[WhiteTitle "GM"]
[BlackTitle "GM"]
[WhiteElo "2664"]
[BlackElo "2599"]
[WhiteFideId "1112635"]
[BlackFideId "4147332"]
[EventDate "2014.12.19"]

1. e4 e6 2. d4 d5 3. Nc3 Bb4 4. e5 c5 5. Bd2 Ne7 6. a3 Bxc3 7. Bxc3 cxd4 8. Qxd4
Nbc6 9. Qg4 Nf5 10. Nf3 h5 11. Qf4 Bd7 12. Bd3 Nce7 13. O-O Rc8 14. Bb4 Ng6 15.
Qd2 Nfh4 16. Nxh4 Qxh4 17. Rae1 Qf4 18. Qe2 Qd4 19. c3 Qh4 20. g3 Qh3 21. Qe3 h4
22. Bxg6 hxg3 23. Bxf7+ Kxf7 24. fxg3+ Kg8 25. Rf2 Bc6 26. Ref1 Rh4 27. Bc5 Re4
28. Qf3 d4 29. cxd4 Kh7 30. Qd3 Re8 31. Rf4 Qh5 32. Rxe4 Qg6 33. Re3 1-0

[Event "European Blitz 2014"]
[Site "Wroclaw POL"]
[Date "2014.12.19"]
[Round "8.2"]
[White "Bosiocic, Marin"]
[Black "Matlakov, Maxim"]
[Result "1-0"]
[WhiteTitle "GM"]
[BlackTitle "GM"]
[WhiteElo "2555"]
[BlackElo "2695"]
[WhiteFideId "14507927"]
[BlackFideId "4168003"]
[EventDate "2014.12.19"]

1. d4 Nf6 2. c4 e6 3. Nc3 Bb4 4. a3 Bxc3+ 5. bxc3 d6 6. e3 O-O 7. Ne2 e5 8. Ng3
Re8 9. Be2 Nc6 10. O-O Na5 11. e4 b6 12. Bd3 Ba6 13. f4 exd4 14. cxd4 Bxc4 15.
d5 Qd7 16. Bb2 Qg4 17. Rf3 Bxd3 18. Qxd3 Nh5 19. Nxh5 Qxh5 20. Rg3 f6 21. Bxf6
g6 22. Bb2 Kf7 23. Rh3 Qg4 24. Qd4 Ke7 25. Rxh7+ Kd8 26. Qg7 1-0

[Event "European Blitz 2014"]
[Site "Wroclaw POL"]
[Date "2014.12.19"]
[Round "8.2"]
[White "Efimenko, Zahar"]
[Black "Bindrich, Falko"]
[Result "1-0"]
[WhiteTitle "GM"]
[BlackTitle "GM"]
[WhiteElo "2643"]
[BlackElo "2610"]
[WhiteFideId "14107201"]
[BlackFideId "4676670"]
[EventDate "2014.12.19"]

1. Nf3 d5 2. g3 c6 3. Bg2 Bg4 4. c4 e6 5. cxd5 Bxf3 6. Bxf3 cxd5 7. O-O Nc6 8.
d4 Nf6 9. Nc3 Be7 10. e3 O-O 11. Bd2 Rc8 12. Rc1 a6 13. Na4 Nd7 14. a3 b5 15.
Nc5 Nxc5 16. dxc5 Ne5 17. b4 Nc4 18. Bc3 Bf6 19. Qb3 a5 20. Be2 a4 21. Qa2 Bxc3
22. Rxc3 Qf6 23. Rd3 Qf5 24. Rd4 g5 25. Rfd1 Ne5 26. Qb1 Qh3 27. Qc2 f5 28. f4
Nc4 29. Bxc4 bxc4 30. fxg5 Ra8 31. Rh4 1-0